Влияние пластической деформации на дефектную структуру Ti-6Al-4V; Перспективы развития фундаментальных наук; Т. 1 : Физика

Podrobná bibliografie
Parent link:Перспективы развития фундаментальных наук=Prospects of Fundamental Sciences Development: сборник научных трудов XV Международной конференции студентов, аспирантов и молодых ученых, г. Томск, 24-27 апреля 2018 г./ Национальный исследовательский Томский политехнический университет (ТПУ) ; под ред. И. А. Курзиной, Г. А. Вороновой.— , 2018
Т. 1 : Физика.— 2018.— [С. 60-62]
Hlavní autor: Бабихина М. Н. Мария Николаевна
Korporativní autor: Национальный исследовательский Томский политехнический университет Инженерная школа ядерных технологий Отделение экспериментальной физики
Další autoři: Лаптев Р. С. Роман Сергеевич (научный руководитель), Кудияров В. Н. Виктор Николаевич
Shrnutí:Заглавие с экрана
The influence of plastic deformation on the defect structure of Ti-6Al-4V titanium alloy was investigated. X-ray analysis was performed with interpretation of the diffractogram reflections and determination of the parameters of the crystal structure. The data obtained were used to calculate the dislocation density of a titanium alloy after cold-rolled plastic deformation.
Jazyk:ruština
Vydáno: 2018
Témata:
On-line přístup:http://earchive.tpu.ru/handle/11683/50818
Médium: MixedMaterials Elektronický zdroj Kapitola
KOHA link:https://koha.lib.tpu.ru/cgi-bin/koha/opac-detail.pl?biblionumber=627372

MARC

LEADER 00000naa2a2200000 4500
001 627372
005 20251028071619.0
035 |a (RuTPU)RU\TPU\conf\27163 
035 |a RU\TPU\conf\27161 
090 |a 627372 
100 |a 20180903d2018 k y0rusy50 ca 
101 0 |a rus 
102 |a RU 
105 |a y z 100zy 
135 |a drcn ---uucaa 
181 0 |a i  
182 0 |a b 
200 1 |a Влияние пластической деформации на дефектную структуру Ti-6Al-4V  |d Influence of plastic deformation on the defective structure of TI-6AL-4V  |f М. Н. Бабихина, Р. С. Лаптев  |g науч. рук. В. Н. Кудияров 
203 |a Текст  |c электронный 
300 |a Заглавие с экрана 
320 |a [Библиогр.: с. 62 (5 назв.)] 
330 |a The influence of plastic deformation on the defect structure of Ti-6Al-4V titanium alloy was investigated. X-ray analysis was performed with interpretation of the diffractogram reflections and determination of the parameters of the crystal structure. The data obtained were used to calculate the dislocation density of a titanium alloy after cold-rolled plastic deformation. 
461 1 |0 (RuTPU)RU\TPU\conf\26928  |t Перспективы развития фундаментальных наук  |l Prospects of Fundamental Sciences Development  |o сборник научных трудов XV Международной конференции студентов, аспирантов и молодых ученых, г. Томск, 24-27 апреля 2018 г.  |o в 7 т.  |f Национальный исследовательский Томский политехнический университет (ТПУ) ; под ред. И. А. Курзиной, Г. А. Вороновой  |d 2018 
463 1 |0 (RuTPU)RU\TPU\conf\26929  |t Т. 1 : Физика  |v [С. 60-62]  |d 2018 
510 1 |a Influence of plastic deformation on the defective structure of TI-6AL-4V  |z eng 
610 1 |a электронный ресурс 
610 1 |a труды учёных ТПУ 
610 1 |a пластические деформации 
610 1 |a дефектные структуры 
610 1 |a Ti-6Al-4V 
610 1 |a металлы 
610 1 |a сплавы 
610 1 |a аннигиляция 
610 1 |a дислокации 
700 1 |a Бабихина  |b М. Н.  |c физик  |c техник Томского политехнического университета  |f 1994-  |g Мария Николаевна  |3 (RuTPU)RU\TPU\pers\37032 
701 1 |a Лаптев  |b Р. С.  |c физик, специалист в области неразрушающего контроля  |c доцент Томского политехнического университета, доктор технических наук  |f 1987-  |g Роман Сергеевич  |y Томск  |3 (RuTPU)RU\TPU\pers\29924  |9 14396 
702 1 |a Кудияров  |b В. Н.  |c физик  |c инженер Томского политехнического университета  |f 1990-  |g Виктор Николаевич  |4 727 
712 0 2 |a Национальный исследовательский Томский политехнический университет  |b Инженерная школа ядерных технологий  |b Отделение экспериментальной физики  |3 (RuTPU)RU\TPU\col\23549 
801 2 |a RU  |b 63413507  |c 20181004  |g RCR 
856 4 |u http://earchive.tpu.ru/handle/11683/50818 
942 |c BK